00864nam a2200229 a 450000100100000000500170001000800410002702000150006804000250008308200170010810000250012524500940015025000110024426000300025530000230028550000550030853400880036370000360045104900090048795201210049699900170061700002490720200930023437.0110207s1997 ck r 000 0 spa d a9580426821 aDO-SdBNPbspacBNPHU axxxxxbS584e1 aSills, Judith95114010aExceso de equipaje :bDespeje su camino /cJudith Sills , traducción Adriana de Hassan. a5a ed. aBogotá :bNorma,c1997. a308 p. ;c21.5 cm. aIncluye referencias bibliográficas p. [305-308]. tExcess baggage. Getting out of your own way,cNew York : Viking Penguin Books, 19931 aHassan, Adriana de,etr.951141 aBNGR 001054708MOaGRbGRcCTd2011-02-07iLF1l0oxxxxx S584ep24907-10r2020-06-25w2020-06-25y4ZPréstamo en sala c24400d24400